000 00659nam a22002537a 4500
003 CHAP
005 20220329135533.0
008 971013s1962 r 00010 d
010 _a38176
011 _a39148
035 _a43268
040 _cCHAP
090 _aFolleto 8032
110 _aPatronato del Maguey, México.
_986215
245 _aFinalidades
260 _aMéxico :
_bEl patronato,
_c1962
300 _a13 p.
590 _aBATCH-UPD
_b10
_c20130110
_lUCH01
_h1115
590 _aCONVERSION
_b10
_c20130109
_lUCH01
_h1321
650 1 4 _aAgave.
_91069
901 _aBK
942 _cFOLL
949 _aFolleto 8032
_bBC
_cFOLL
_d-99250
_eTS1
_i43268
_si
999 _c38176
_d38176